| 000 | 00556cam a22001577a 4500 | ||
|---|---|---|---|
| 008 | 180718b2003 xxu||||| |||| 00| 0 eng d | ||
| 082 | _aAPPPA 2002-03 NAR/18 | ||
| 100 | _aNarula, Umang | ||
| 245 |
_aState autonomy in Indian federalism: a case study of Jammu and Kashmir _cby Umang Narula |
||
| 260 |
_aNew Delhi _bIndian Institute of Public Administration _c2003 |
||
| 300 | _a179p. | ||
| 500 | _aAn APPPA M.Phil dissertation, 2002-03 (Guide: R.K. Barik) | ||
| 650 | _aAPPPA | ||
| 650 | _aFederalism - India | ||
| 650 | _aCentre-states relations - India | ||
| 999 |
_c492693 _d492693 |
||